00630nam a22002057i 450000100060000000300080000600500170001400800410003103500190007204000180009104100080010908200300011711000380014724500600018526000780024530000250032350000170034850000350036565000240040051971BD-RjUL20211209075734.0160905s1938 ii a 000 0 eng  a(BD-RjUL)52091 aDLCcDLCbeng aeng 223 a385.0954 bREP 1938 2 aIndian Railway Enquiry Committee.10aReport of the Indian Railway Enquiry Committee, 1937 /  aDelhi :bManager of Publications,c1938 e(Simla :fGovt. of India Press) aix, 149 p. ;c25 cm. aCover title. aMaster microform held by: DLC. aRailroads zIndia.